Statistics for US States Closest to Kansas

Click here to take the quiz!

General Stats

  • This quiz has been taken 369 times
  • The average score is 18 of 20

Answer Stats

kmStatemiles% Correct
0Nebraska0
99%
0Colorado0
98%
0Oklahoma0
98%
55Texas34
98%
0Missouri0
97%
276South Dakota171
96%
56Arkansas35
94%
282Illinois175
90%
65Iowa40
90%
102New Mexico63
90%
596Utah370
87%
203Wyoming126
87%
454Kentucky282
86%
446Louisiana277
85%
438Tennessee272
82%
572Indiana355
81%
449Mississippi279
81%
456Wisconsin283
80%
389Minnesota242
78%
580Montana360
78%

Score Distribution

Percentile by Number Answered

Percent of People with Each Score

Your Score History

You have not taken this quiz